000 00827nam a22002177a 4500
999 _c3481
_d3481
003 AR-CdUCM
008 190306b ||||| |||| 00| 0 spa d
040 _aMUNICIPALIDAD PROVINCIAL DEL CUSCO
_cBIBLIOTECA MUNICIPAL DEL CUSCO
082 _22ed.
_a323.32 /
_bC29
100 _aCardoso, Fernando Henrique
_94084
245 _aIdeologias de la Burguesia Industrial en Sociedades Dependientes :
_bArgentina y Brasil /
260 _aMexico :
_bSiglo Veintiuno Editores,
_c1971.
300 _a239 paginas ;
_c17cm.
500 _aEl mundo del hombre. Sociologia y Politica
505 _aContenido- La ciencia politica --Situacion estructural -- Ideologia y alianzas politicas -- Desarrollo e ideologia
650 _aPolitica
_9291
650 _aLeyes
_94808
650 _aSociedades
_92772
942 _2ddc
_cLIBROS
945 _apjha